| 000 | 00340nam a2200109Ia 4500 | ||
|---|---|---|---|
| 008 | 220216s9999 xx 000 0 und d | ||
| 100 | _aLong J M | ||
| 245 | 0 | _aNatural rubber processability | |
| 260 | _bProceedings of the International Rubber Conference, Kuala Lumpur, Malaysia, V.2. 1985; p571-588 | ||
| 650 | _aNR processing | ||
| 942 | _cJS | ||
| 999 |
_c63600 _d63600 |
||